|
|
|
|
| LEADER |
01248cam a2200289 a 4500 |
| 001 |
1052911 |
| 005 |
19930510104346.4 |
| 008 |
901114s1991 enka b 001 0 eng |
| 010 |
|
|
|a 90024975
|
| 020 |
|
|
|a 0077073215 :
|c £35.00
|
| 040 |
|
|
|a DLC
|c DLC
|d DLC
|d BD-DhAAL
|
| 050 |
0 |
0 |
|a QA76.9.H85
|b E53 1991
|
| 082 |
0 |
0 |
|a 004/.01/9
|2 20
|
| 245 |
0 |
0 |
|a Engineering the human-computer interface /
|c edited by Andy Downton.
|
| 260 |
|
|
|a London ;
|a New York :
|b McGraw-Hill Book Co.,
|c c1991.
|
| 300 |
|
|
|a xvi, 423 p. :
|b ill. ;
|c 24 cm.
|
| 440 |
|
0 |
|a Essex series in telecommunication and information systems
|9 908
|
| 504 |
|
|
|a Includes bibliographical references and index.
|
| 541 |
|
|
|e 00012147
|
| 650 |
|
0 |
|a Human-computer interaction.
|9 909
|
| 650 |
|
0 |
|a User interfaces (Computer systems)
|9 910
|
| 700 |
1 |
|
|a Downton, A. C.
|9 911
|
| 906 |
|
|
|a 7
|b cbc
|c orignew
|d 1
|e ocip
|f 19
|g y-gencatlg
|
| 942 |
|
|
|2 ddc
|c BK
|
| 955 |
|
|
|a pc17 to bc00 11-14-90; bc44/bc26 to SCD 11-20-90; fg09 11-20-90; fl25 11-23-90; CIP ver. bt04 to SL 06-21-91
|
| 999 |
|
|
|c 10288
|d 10288
|
| 952 |
|
|
|0 0
|1 0
|2 ddc
|4 0
|6 004_019000000000000_ENG
|7 0
|9 13751
|a BRACUL
|b BRACUL
|c GEN
|d 2011-01-08
|l 4
|m 12
|o 004.019 ENG
|p 3010012147
|r 2024-10-22
|s 2024-07-02
|t 1
|w 2011-01-08
|y BK
|x Price not available in Register
|